000 00574nam a2200181Ia 4500
008 151018s9999 xx 000 0 und d
082 _bRBASDV825
_a891.464
100 _aमो गो देशमुख
245 _aशरीरसामर्थ्य
250 _b1
260 _bआर्यभूषण प्रेस
_c1891
300 _a19
600 _aमो गो देशमुख
630 _aशरीरसामर्थ्य
700 _aमो गो देशमुख
730 _aशरीरसामर्थ्य
942 _cBOOK
999 _c1003294
_d1003291